| 000 | 01052nam0a2200313 4500 | ||
|---|---|---|---|
| 001 | RU\NLR\ONL2\3339 | ||
| 005 | 20260406030206.0 | ||
| 010 |
_a5-295-03425-9 _92500 |
||
| 035 | _a(NLR Aleph) 009650940 | ||
| 090 |
_a9573135 _c9573135 |
||
| 100 | _a20050518d2004 |||y0rusy50 ca | ||
| 101 | 0 | _abak | |
| 102 | _aRU | ||
| 105 | _ac ||||||||| | ||
| 200 | 1 |
_aСалауаттын йэше _eРоман-эпопея _fАсылгужа |
|
| 210 |
_aОфо _cКитап _d2004 |
||
| 215 |
_a397,[2] б. _cпортр. _d21 |
||
| 300 | _aВ вып. дан. авт.: Асылгужа (Багуманов Асылгужа Ишемович). | ||
| 541 | 1 |
_aВозраст Салавата _eРоман. _zrus |
|
| 686 | 1 | _aШ6(2=Баш)7-4 | |
| 700 | 0 |
_aАсылгужа _4070 |
|
| 702 | 0 |
_4570 _7ca _8rus _aСалават Юлаев _f1752-1800 _9110565 _3RU\NLR\auth\77516 |
|
| 801 | 0 |
_aRU _bNLR _c20050518 _gPSBO |
|
| 852 |
_aNLR _bОНЛ _jБашк./3-4720 |
||
| 942 | _cBOOK | ||
| 980 | _aNB | ||
| 980 | _aONL_RF | ||